000 00274nam a2200109Ia 4500
008 230411s9999 xx 000 0 und d
041 _aeng
082 _aS/610.73677/T.T/B03766
100 _aTaylor T & Johnson
_9177915
245 _aSurgery
999 _c154578
_d154578